Rolling Stone's 100 Greatest Guitarrists - Statistics

General Stats
  • This quiz has been taken 314 times
  • The average score is 33 of 100
Answer Stats
Song Guitarrist % Correct
2 Crossroads Eric Clapton
94%
1 All Along The Watchtower Jimi Hendrix
92%
4 (I Can't Get No) Satisfaction Keith Richards
87%
3 Whole Lotta Love Jimmy Page
85%
33 Purple Rain Prince
82%
65 Sweet Child O' Mine Slash
80%
73 Smells Like Teen Spirit Kurt Cobain
78%
7 Johnny B. Goode Chuck Berry
77%
24 Highway To Hell Angus Young
75%
11 While My Guitar Wently Wheeps George Harrison
71%
55 Day Tripper John Lennon
70%
17 Rockin' In The Free World Neil Young
69%
26 Bohemian Rhapsody Brian May
68%
8 Eruption Eddie Van Halen
67%
20 Oye Como Va Carlos Santana
66%
70 Seven Nation Army Jack White
66%
44 Sultans Of Swing Mark Knopfler
65%
6 The Thrill Is Gone B.B. King
60%
38 Where The Streets Have No Name The Edge
58%
27 Road Runner Bo Diddley
56%
80 Peggy Sue Buddy Holly
56%
10 Won't Get Fooled Again Pete Townshend
55%
14 Comfortably Numb David Gilmour
54%
100 Go Your Own Way Lindsey Buckingham
54%
96 Dancing In The Dark Bruce Springsteen
53%
93 Graceland Paul Simon
53%
84 Walk This Way Joe Perry
52%
9 Layla Duane Allman
51%
25 Iron Man Tony Iommi
49%
52 Time Between Clarence White
45%
5 Cause We've Ended as Lovers Jeff Beck
44%
87 Master Of Puppets James Hetfield
42%
54 Hotel California Joe Walsh
42%
50 Highway Star Ritchie Blackmore
40%
40 Killing In The Name Tom Morello
40%
94 The One I Love Peter Buck
39%
97 God Save The Queen Steve Jones
38%
32 La Grange Billy Gibbons
37%
76 Riders On The Storm Robby Krieger
36%
85 Message In A Bottle Andy Summers
35%
91 All Day And All Of The Night Dave Davies
35%
36 Crazy Train Randy Rhoads
35%
12 Cold Shot Stevie Ray Vaughan
35%
72 Under The Bridge John Frusciante
33%
98 The Spirit Of Radio Alex Lifeson
32%
28 Blitzkrieg Bop Johnny Ramone
31%
58 Rattlesnake Shake Peter Green
31%
49 Rollin' Stone Muddy Waters
30%
81 Heroin Lou Reed
28%
71 Ramblin' On My Mind Robert Johnson
28%
59 The Weight Robbie Robertson
26%
47 For What It's Worth Stephen Stills
25%
46 Casey Jones Jerry Garcia
24%
51 How Soon Is Now? Johnny Marr
24%
37 Honky Tonk Women Mick Taylor
24%
48 Creep Jonny Greenwood
23%
41 Suffragette City Mick Ronson
21%
62 21st Century Schizoid Man Robert Fripp
21%
22 Bobby Brown Frank Zappa
20%
77 Highwayman Willie Nelson
18%
13 As The Years Go Passing By Albert King
17%
99 Teen Age Riot Thurston Moore
17%
23 Stone Crazy Buddy Guy
16%
88 Glad All Over Carl Perkins
16%
95 Eight Miles High Roger McGuinn
16%
61 Jessica Dickey Betts
15%
45 Rumble Link Wray
15%
18 How High The Moon Les Paul
14%
35 Boogie Chillen John Lee Hooker
13%
74 The Peter Gunn Theme Dick Dale
12%
92 Floods Dimebag Darrell
12%
75 Coyote Joni Mitchell
12%
16 Whipping Post Derek Trucks
11%
60 I Wanna Be Your Dog Ron Asheton
11%
64 Rebel Rouser Duane Eddy
10%
66 Mississippi Queen Leslie West
10%
90 Marquee Moon Tom Verlaine
10%
30 Dust My Broom Elmore James
9%
79 You Got Lucky Mike Campbell
9%
29 Heartbreak Hotel Scotty Moore
9%
39 Soul Man Steve Cropper
9%
57 Bullfrog Blues Rory Gallagher
8%
56 Frosy Albert Collins
7%
21 Your Cheatin' Heart Chet Atkins
7%
89 Runaway Bonnie Raitt
6%
34 Gypsy Woman Curtis Mayfield
6%
15 Have Your Ever Loved A Woman Freddy King
6%
19 Susie Q James Burton
6%
86 Feel The Pain J Mascis
6%
63 I'm Yours And I'm Hers Johnny Winter
6%
69 1952 Vincent Black Lightning Richard Thompson
6%
31 Memo From Turner Ry Cooder
6%
83 Maggot Brain Eddie Hazel
5%
42 East-West Mike Bloomfield
5%
53 I Can´t Quit You Baby Otis Rush
5%
82 Impossible Germany Nels Cline
4%
43 Killing Floor Hubert Sumlin
3%
68 Right Off John McLaughlin
2%
67 Call It Stormy Monday T-Bone Walker
2%
78 Poor Boy John Fahey
1%
No matching quizzes found
Score Distribution
Percent of People with Each Score
Percentile by Number Answered
Your Score History
You have not taken this quiz